Guess English football clubs by image - Statistics

General Stats
  • This quiz has been taken 62 times
  • The average score is 34 of 52
Answer Stats
Picture Answer % Correct
Newcastle United
93%
Norwich City
91%
Arsenal
87%
Wolverhampton Wanderers
87%
Liverpool
84%
Manchester City
84%
Swansea City
84%
Aston Villa
82%
Nottingham Forest
82%
Tottenham Hotspur
82%
Crystal Palace
80%
Manchester United
80%
Watford
78%
Fulham
76%
West Ham United
76%
Brentford
75%
Chelsea
75%
Everton
75%
Leicester City
75%
Southampton
75%
West Bromwich Albion
75%
Bournemouth
73%
Brighton
73%
Derby County
73%
Leeds United
73%
Burnley
71%
Sunderland
71%
Hull City
69%
Blackburn Rovers
67%
Stoke City
67%
Birmingham City
64%
Sheffield United
64%
Bolton Wanderers
56%
Cardiff City
56%
Queens Park Rangers
56%
Reading
56%
Ipswich Town
55%
Sheffield Wednesday
53%
Blackpool
51%
Charlton Athletic
51%
Portsmouth
51%
Preston North End
51%
Wigan
49%
Coventry City
47%
Huddersfield Town
45%
Millwall
45%
Middlesbrough
42%
Wimbledon
40%
Barnsley
38%
Bradford City
33%
Swindon Town
31%
Oldham Athletic
25%
No matching quizzes found
Score Distribution
Percent of People with Each Score
Percentile by Number Answered
Your Score History
You have not taken this quiz